01140cam a22003374i 4500003000900000005001700009008004100026035001900067040003300086082001700119245006300136264005500199300002800254336002100282337002500303338002300328505031100351526001000662526001000672526001000682526001000692526000800702526000800710526000800718526000800726526000800734526000800742526000800750650001600758700002800774PE-LiUPU20250731173120.0150623s r 000 0 d a(Sirsi) a25380 aPE-LiUPUbspacPE-LiUPUerda04a213bS7222100aSymposium on creation IV.n4 /ceditado por Donald Patten. 1aGrand Rapids, Michigan :bBaker Book House,c1972. a159 páginas ;c22 cm. atext2rdacontent aunmediated2rdamedia avolume2rdacarrier0 aFlood traditions of the world. Blood, the liquid of life. Creationist botany today: a progress report. Instinct. Creator God or Cosmic magician?. The origins of civilization: archaeological data and the problems of evolutionary explanation. Out of whose womb came the ice?. Pattern and purpose in creation. aSEG42 aSEG41 aSEG40 aSEG39 aP94 aP87 aP86 aP85 aP77 aP76 aP3504aCreación.1 aPatten, Donald W.,eed.